[Event "Plzen op 2nd"]
[Site "Plzen"]
[Date "2010.12.09"]
[Round "7"]
[White "Lacha, Jan"]
[Black "Skokan, Frantisek"]
[Result "1/2-1/2"]
[WhiteElo "1965"]
[BlackElo "1836"]
[PlyCount "72"]
[EventDate "2010.12.04"]
[EventType "swiss"]
[EventRounds "9"]
[EventCountry "CZE"]
[SourceTitle "CBM 139 Extra"]
[Source "ChessBase"]
[SourceDate "2011.01.05"]
[SourceVersion "1"]
[SourceVersionDate "2011.01.05"]
[SourceQuality "1"]

1. e4 c5 2. Nc3 Nc6 3. g3 g6 4. Bg2 Bg7 5. d3 e6 6. Be3 Qb6 7. Rb1 Nge7 8. Qd2 Qa5 9. Nge2 Nd4 10. Nc1 0-0 11. Nb3 Nxb3 12. axb3 f5 13. Bh6 d5 14. Bxg7 Kxg7 15. exd5 f4 16. d6 Nf5 17. Qxf4 Nd4 18. Qe5+ Kg8 19. 0-0 Rf5 20. Qe4 Nxc2 21. Bh3 Rf6 22. Qe5 Rf7 23. Bxe6 Bxe6 24. Qxe6 Nd4 25. Qd5 Nf3+ 26. Kg2 Nd2 27. Ra1 Qd8 28. Rfd1 Nf3 29. Ra4 g5 30. Re4 Qf6 31. Re7 Raf8 32. Rxf7 Rxf7 33. Ne4 Nh4+ 34. Kf1 Qf3 35. Qxg5+ Kf8 36. Qd8+ Kg7 1/2-1/2

[Event "Plzen op 2nd"]
[Site "Plzen"]
[Date "2010.12.08"]
[Round "6"]
[White "Skokan, Frantisek"]
[Black "Horyna, Josef"]
[Result "1/2-1/2"]
[WhiteElo "1836"]
[BlackElo "1922"]
[PlyCount "97"]
[EventDate "2010.12.04"]
[EventType "swiss"]
[EventRounds "9"]
[EventCountry "CZE"]
[SourceTitle "CBM 139 Extra"]
[Source "ChessBase"]
[SourceDate "2011.01.05"]
[SourceVersion "1"]
[SourceVersionDate "2011.01.05"]
[SourceQuality "1"]

1. e4 e6 2. d4 d5 3. Nc3 Nf6 4. Bg5 Bb4 5. e5 h6 6. Bd2 Bxc3 7. Bxc3 Ne4 8. Qg4 Qg5 9. Qxg5 hxg5 10. Bb4 a5 11. Ba3 g4 12. Bd3 b6 13. Ne2 Ba6 14. Bxe4 dxe4 15. Ng3 Bb7 16. Kd2 e3+ 17. Kxe3 Bxg2 18. Rhg1 Rxh2 19. Nh5 Rxh5 20. Rxg2 Nd7 21. Rxg4 g6 22. Rag1 0-0-0 23. Rf4 Rf5 24. Rxf5 exf5 25. Kf4 b5 26. Be7 Re8 27. Bf6 Nxf6 28. exf6 Re4+ 29. Kg5 Rxd4 30. Kh6 Kd7 31. Kg7 Ke6 32. Re1+ Re4 33. Rd1 Re2 34. Rd8 Rxf2 35. Re8+ Kd7 36. Kxf7 Rh2 37. Re7+ Kd6 38. Kxg6 f4 39. Re4 Rg2+ 40. Kf7 f3 41. Rf4 f2 42. Ke8 Ke5 43. f7 Kxf4 44. f8Q+ Kg3 45. Qf5 Kh2 46. Qxb5 Kg1 47. Qc5 Kh1 48. Qh5+ Kg1 49. Qc5 1/2-1/2

[Event "Plzen op 2nd"]
[Site "Plzen"]
[Date "2010.12.07"]
[Round "5"]
[White "Janocko, Petr"]
[Black "Skokan, Frantisek"]
[Result "1-0"]
[WhiteElo "2087"]
[BlackElo "1836"]
[PlyCount "77"]
[EventDate "2010.12.04"]
[EventType "swiss"]
[EventRounds "9"]
[EventCountry "CZE"]
[SourceTitle "CBM 139 Extra"]
[Source "ChessBase"]
[SourceDate "2011.01.05"]
[SourceVersion "1"]
[SourceVersionDate "2011.01.05"]
[SourceQuality "1"]

1. d4 Nf6 2. c4 e6 3. Nf3 c5 4. d5 b5 5. dxe6 fxe6 6. cxb5 d5 7. a4 Bd6 8. g3 0-0 9. Bg2 Bb7 10. 0-0 Nbd7 11. Ng5 Qe7 12. Bh3 e5 13. e4 d4 14. Qb3+ Kh8 15. Nd2 h6 16. Ne6 Rfe8 17. Re1 Nf8 18. Nxf8 Rxf8 19. a5 Bc8 20. Bg2 Be6 21. Qd3 Ng4 22. Rf1 Qf7 23. b3 Qh5 24. h3 Nf6 25. Nc4 Bxh3 26. g4 Bxg4 27. Nxd6 Be2 28. Qh3 Qxh3 29. Bxh3 Bxf1 30. Bxf1 Rad8 31. Nb7 Rc8 32. Bd3 Ng4 33. Ra2 Rf3 34. Bc4 Rcf8 35. Nxc5 Nxf2 36. Nd7 Rg3+ 37. Kh2 Rff3 38. Rxf2 Rh3+ 39. Kg1 1-0

[Event "Plzen op 2nd"]
[Site "Plzen"]
[Date "2010.12.06"]
[Round "3"]
[White "Stolarczyk, Anna"]
[Black "Skokan, Frantisek"]
[Result "0-1"]
[WhiteElo "2052"]
[BlackElo "1836"]
[PlyCount "40"]
[EventDate "2010.12.04"]
[EventType "swiss"]
[EventRounds "9"]
[EventCountry "CZE"]
[SourceTitle "CBM 139 Extra"]
[Source "ChessBase"]
[SourceDate "2011.01.05"]
[SourceVersion "1"]
[SourceVersionDate "2011.01.05"]
[SourceQuality "1"]

1. d4 Nf6 2. c4 e6 3. Nf3 c5 4. d5 b5 5. dxe6 fxe6 6. cxb5 d5 7. e3 Bd6 8. Nc3 0-0 9. Bd3 Bb7 10. 0-0 Nbd7 11. Re1 Qc7 12. h3 Rae8 13. b3 Ne5 14. Nxe5 Bxe5 15. Bb2 d4 16. exd4 Bxd4 17. Qc2 Qg3 18. Bf1 Ng4 19. hxg4 Bxf2+ 20. Kh1 Qh4# 0-1

[Event "Brno op 1st"]
[Site "Brno"]
[Date "2010.11.16"]
[Round "4"]
[White "Skokan, Frantisek"]
[Black "Mikulas, Dusan"]
[Result "0-1"]
[WhiteElo "1836"]
[BlackElo "2134"]
[PlyCount "80"]
[EventDate "2010.11.14"]
[EventType "swiss"]
[EventRounds "9"]
[EventCountry "CZE"]
[SourceTitle "EXT 2011"]
[Source "ChessBase"]
[SourceDate "2010.11.26"]
[SourceVersion "1"]
[SourceVersionDate "2010.11.26"]
[SourceQuality "1"]

1. e4 e5 2. Nf3 Nc6 3. Bc4 Bc5 4. c3 Nf6 5. d3 d6 6. b4 Bb6 7. 0-0 Be6 8. Bxe6 fxe6 9. Be3 0-0 10. Qb3 Qe8 11. Nbd2 h6 12. a4 Ng4 13. Bxb6 axb6 14. d4 exd4 15. cxd4 Qf7 16. h3 Nf6 17. Rac1 Rae8 18. b5 Nd8 19. e5 Nd5 20. Ne4 Nf4 21. Kh2 d5 22. Ng3 Re7 23. Rc3 g5 24. Qc2 Qg7 25. Ne2 Nxe2 26. Qxe2 Nf7 27. Rfc1 Nh8 28. Qc2 Rff7 29. g3 Ng6 30. Kg2 Nf8 31. Nh2 h5 32. Nf3 g4 33. hxg4 Qxg4 34. Nh4 Rg7 35. Rh1 Qxd4 36. Nf3 Qg4 37. Rh4 Qg6 38. Qxg6 Nxg6 39. Rh1 h4 40. Rhc1 Nf4+ 0-1